Gaming Quiz

Random Gaming or Pokémon Quiz

Mega Evolving Pokemon Quiz Stats

 Plays Quiz not verified by Sporcle

Also try: Pokearth
Challenge
Share
Tweet
Embed
Score 0/46 Timer 12:00
0 Plays Today
Typing (Before Mega Evolution) Can Mega Evolve % Correct
Grass, PoisonVenusaur
100%
Fire, FlyingCharizard
96.1%
WaterBlastoise
94.8%
Ghost, PoisonGengar
90.9%
PsychicAlakazam
88.3%
BugPinsir
85.7%
Normal, FlyingPidgeot
84.4%
Rock, FlyingAerodactyl
81.8%
Fire, FightingBlaziken
81.8%
Water, FlyingGyarados
80.5%
Psychic, FairyGardevoir
80.5%
Dragon, GroundGarchomp
80.5%
Bug, FightingHeracross
79.2%
Bug, PoisonBeedrill
79.2%
PsychicMewtwo
77.9%
Bug, SteelScizor
77.9%
Dragon, FlyingRayquaza
77.9%
Rock, DarkTyranitar
76.6%
Fighting, SteelLucario
76.6%
Dark, FireHoundoom
75.3%
Grass, IceAbomasnow
75.3%
Psychic, FightingGallade
75.3%
Steel, FairyMawile
74%
Typing (Before Mega Evolution) Can Mega Evolve % Correct
Steel, GroundSteelix
74%
Dragon, PsychicLatias
74%
Dragon, PsychicLatios
74%
Fighting, PsychicMedicham
72.7%
ElectricManectric
72.7%
GrassSceptile
72.7%
Water, GroundSwampert
72.7%
ElectricAmpharos
71.4%
Steel, RockAggron
70.1%
Rock, FairyDiancie
70.1%
GhostBanette
68.8%
IceGlalie
68.8%
Dragon, FlyingSalamence
68.8%
NormalAudino
68.8%
Dark, GhostSableye
67.5%
Water, DarkSharpedo
67.5%
Fire, GroundCamerupt
66.2%
DarkAbsol
63.6%
Water, PsychicSlowbro
63.6%
Steel, PsychicMetagross
63.6%
Dragon, FlyingAltaria
62.3%
NormalKangaskhan
59.7%
NormalLopunny
57.1%

You're not logged in!

Compare scores with friends on all Sporcle quizzes.
OR
Log In

You Might Also Like...

Show Comments

Extras

Top Quizzes Today


Score Distribution

Your Account Isn't Verified!

In order to create a playlist on Sporcle, you need to verify the email address you used during registration. Go to your Sporcle Settings to finish the process.

Report this User

Report this user for behavior that violates our Community Guidelines.

Details: